000 00471 a2200169 4500
003 OSt
005 20231220132956.0
008 231220b |||||||| |||| 00| 0 eng d
020 _a9789350722244
040 _coclc
082 _a891.43
_bSHA/K
100 _aShambhunath
_910186
245 _aKAVI KI NAI DUNIYA /
_cShambunath
260 _aNew Delhi:
_bVani Prakashan,
_c2013.
300 _a284p
942 _2ddc
_cBK
_h891.43
_iSHA/K
_k891.43
_mSHA/K
999 _c43512
_d43512